| 000 | 01804cam a22002535a 4500 | ||
|---|---|---|---|
| 001 | L158824 | ||
| 008 | 101115s2015 xxk f 000 0 eng d | ||
| 035 | _a(Sirsi) u158824 | ||
| 041 | 0 | _aeng | |
| 050 | 0 | 4 | _a692.8 $2 18 |
| 110 | 2 |
_aFenwick Elliott _95892 |
|
| 245 | 0 | 0 |
_aFenwick Elliott Annual review 2015-2016 _h[electronic resouce] |
| 250 | _a19th ed. | ||
| 260 |
_aLondon _bFenwick Elliott _c[2015] |
||
| 300 | _a52p. $3 0cm. | ||
| 505 | 2 | _aFirst word -- In this issue -- First Supreme Court decision on construction adjudication -- Payment provisions in construction contracts -- The future is nuclear? -- Fitness for purpose -- Descoping in construction contracts in the UAE -- Time bars in an international context -- Termination by the contractor -- The Court of Appeal in Persero II: how to enforce ?binding but non-final? -- Dispute Board decisions under the FIDIC form of contract -- Unforeseeable ground conditions and proceeding regularly and diligently: the Obrascon case reaches the Court of Appeal -- The SCL Protocol: time for change? -- BIM: developments in 2015 -- Health and safety: the new CDM Regulations and misconceptions concerning the new role of principal designer -- Exclusion and limitation clauses in construction contracts ? recent developments -- eDisclosure and harvesting the documents in construction cases -- Case law update: Adjudication: Cases from Dispatch -- Other cases: Construction Industry Law Letter | |
| 520 | _aProvides a summary of recent developments in construction and law. | ||
| 590 | _aKA | ||
| 651 | 4 |
_aEngland and Wales _y1543- |
|
| 690 | _aBUILT ENVIRONMENT | ||
| 700 | 1 |
_aGlover, Jeremy _eEditor |
|
| 856 | 4 | 8 |
_uhttps://www.fenwickelliott.com/research-insight/annual-review/2015 _zView the review at www.fenwickelliott.com |
| 942 | _n0 | ||
| 999 |
_c115524 _d115524 |
||